00458nam a2200145Ia 450000500170000000800410001710000190005824500480007726000270012530000110015265000110016394200070017499900150018195201160019620260328101457.0260328s9999||||xx |||||||||||||| ||und|| aGirouard, Mark 0aHistoric Houses of Britain /cMark Girouard bWilliam Morrow and Co. a185 p. aEUROPA cBK c8867d8867 001040708GENaGPCbGPCcGENd2026-03-28i2666l0o720.24 G 445p2666r2026-03-28 15:14:57t1w2026-03-28yBK